[Event "WWRR IM 2020"]
[Site "Wachtebeke"]
[Date "2020.02.27"]
[Round "9.4"]
[White "Defromont, Benjamin"]
[Black "Huynh, Laurent"]
[Result "0-1"]
[WhiteElo "2263"]
[BlackElo "2273"]
[Annotator "TA"]
[PlyCount "80"]
[EventDate "2020.02.22"]
[EventType "tourn"]
[EventCountry "BEL"]
[SourceTitle "playchess.com"]
[Source "ChessBase"]
[SourceQuality "1"]

{[%evp 27,80,21,96,95,93,113,98,63,54,63,98,-29,-13,-31,-14,-25,-22,-63,-64,-388,-397,-379,-380,-403,-389,-507,-502,-694,-696,-916,-916,-904,-884,-1003,-784,-1197,-1154,-1489,-1460,-6359,-4730,-29987,-29988,-29991,-29992,-29992,-29986,-29986,-29987,-29987,-29988,-29988,-29988,-29988,-29989]} 1. d4 Nf6 2. c4 e6 3. Nf3 c5 4. d5 exd5 5. cxd5 d6 6. Nc3 g6 7. e4 Bg7 8. h3 O-O 9. Bd3 b5 10. Bxb5 Nxe4 11. Nxe4 Qa5+ 12. Nfd2 Qxb5 13. Nxd6 Qa6 14. N2c4 Rd8 (14... Nd7 $11 {remains equal.}) 15. Bf4 $1 $16 {A70: Modern Benoni: 6 e4 g6 7 Nf3.} Nd7 {[%cal Bb8d7,Bd7b6,Bb6a4,Ba4b2][%mdl 32]} 16. O-O Nb6 {[#]} 17. Ne3 $146 {White is better.} ({Predecessor:} 17. Nxb6 Qxb6 18. Nxc8 Raxc8 19. Rb1 Qb7 20. d6 Bf8 21. Qd2 Bxd6 22. Bxd6 Rc6 23. b4 cxb4 24. Rxb4 Qd7 25. Rd1 Rxd6 26. Qxd6 Qxd6 27. Rxd6 Rxd6 28. Ra4 {½-½ (28) Sasikiran,K (2690)-Ivanchuk,V (2729) Foros 2007}) 17... Na4 18. Ne4 f5 19. Bc7 ({White should try} 19. d6 $16 Bb7 20. Nc3 Nxc3 21. bxc3) 19... Re8 $1 $11 20. Ng5 h6 $36 {[%mdl 2048] White is under pressure.} 21. Nf3 Nxb2 22. Qc2 c4 $1 23. Be5 $2 {[%mdl 8192] Now White is beyond hope.} (23. d6 $15) 23... Rxe5 $19 24. Nxe5 Bxe5 25. Rab1 c3 26. Rfe1 {If White can now play Ng4! this consolidates a bit.} Bd7 27. Ng4 Ba4 28. Qc1 Nd3 {[%mdl 64] Double Attack} 29. Nxh6+ Kh7 30. Qe3 f4 31. Qe4 Kxh6 32. d6 Rd8 33. Rbd1 Bxd1 {[%mdl 64] Discovered Attack} 34. Rxd1 c2 {Black mates.} 35. Rxd3 c1=Q+ 36. Kh2 Qf1 37. Qxe5 Qfxd3 38. Qxf4+ {[#]} g5 $1 39. Qf6+ {[#]} Qg6 $1 40. Qxd8 Qaxd6+ {Accuracy: White = 35%, Black = 89%.} 0-1

[Event "WWRR IM 2020"]
[Site "Wachtebeke"]
[Date "2020.02.27"]
[Round "9.5"]
[White "Grochal, Joey"]
[Black "De Ruiter, Danny"]
[Result "1/2-1/2"]
[WhiteElo "2303"]
[BlackElo "2265"]
[Annotator "TA"]
[PlyCount "42"]
[EventDate "2020.02.22"]
[EventType "tourn"]
[EventCountry "BEL"]
[SourceTitle "playchess.com"]
[Source "ChessBase"]
[SourceQuality "1"]

{[%evp 21,29,25,23,-8,0,-2,-6,6,33,28]} 1. d4 Nf6 2. c4 g6 3. Nc3 d5 4. cxd5 Nxd5 5. e4 Nxc3 6. bxc3 c5 7. Be3 Qa5 8. Qd2 Bg7 9. Nf3 O-O 10. Rc1 Rd8 11. d5 e6 12. c4 {D85: Exchange Grünfeld: Unusual White 7th moves and lines with 7 Nf3.} Qxd2+ 13. Nxd2 b6 14. Be2 Ba6 15. h4 {[#] An uneventful encounter.} {Predecessor:} Nd7 $146 16. h5 Nf6 17. hxg6 hxg6 18. dxe6 fxe6 19. e5 Nd7 20. f4 Bb7 21. Bf3 Rab8 {1-0 (37) Damljanovic,B (2612)-Santos Santos,P (2303) Barcelona 2005} 1/2-1/2